|
|
|
|
| LEADER |
00000nas a2200000 a 4500 |
| 001 |
ssj0000454946 |
| 003 |
WaSeSS |
| 005 |
20200512172242.0 |
| 006 |
m d |
| 007 |
cr n |
| 008 |
100913c20109999nyuuu p s 0 a0eng c |
| 010 |
|
|
|a 2011243256
|
| 016 |
7 |
|
|a 2573930-X
|2 DE-600
|
| 016 |
7 |
|
|a 101553816
|2 DNLM
|
| 016 |
7 |
|
|a 018924566
|2 Uk
|
| 022 |
|
|
|a 2090-1259
|l 2090-1240
|y 2090-1240
|
| 035 |
|
|
|a (WaSeSS)ssj0000454946
|
| 040 |
|
|
|a UV0
|b eng
|e pn
|c UV0
|d HEBIS
|d OCLCQ
|d NLM
|d OCLCQ
|d CUS
|d OCLCQ
|d OCLCF
|d CUD
|d OCLCQ
|d DLC
|d CASUM
|d OCLCA
|d OCLCO
|d OCLCA
|d UKMGB
|d WaSeSS
|
| 042 |
|
|
|a pcc
|
| 050 |
0 |
0 |
|a RC606.5
|
| 060 |
1 |
0 |
|a W1
|
| 210 |
1 |
0 |
|a AIDS Res Treat
|2 dnlm
|
| 245 |
0 |
0 |
|a AIDS research and treatment
|h [electronic resource].
|
| 260 |
|
|
|a New York, NY :
|b Hindawi Pub. Corp.
|
| 362 |
1 |
|
|a Began with Vol. 2010, article id 142076.
|
| 506 |
|
|
|a License restrictions may limit access.
|
| 515 |
|
|
|a Articles added intermittently throughout the year, grouped by year, with each article also assigned an article ID no.
|
| 538 |
|
|
|a Mode of access: World Wide Web.
|
| 588 |
|
|
|a Description based on: Vol. 2010, article id 142076; title from journal home page (Hindawi Web Site, viewed Sept. 14, 2010).
|
| 588 |
|
|
|a Latest issue consulted: Vol. 2016, article id 7925052 (publisher's Web site, viewed Apr. 27, 2016).
|
| 650 |
|
0 |
|a AIDS (Disease)
|x Treatment
|v Periodicals.
|
| 650 |
1 |
2 |
|a Acquired Immunodeficiency Syndrome.
|
| 650 |
2 |
2 |
|a HIV Infections.
|
| 650 |
|
7 |
|a AIDS (Disease)
|x Treatment.
|2 fast
|0 (OCoLC)fst00793971
|
| 655 |
|
0 |
|a Electronic journals.
|
| 710 |
2 |
|
|a Hindawi Publishing Corporation.
|
| 776 |
0 |
8 |
|i Also issued in print:
|t Aids research and treatment
|x 2090-1240
|
| 850 |
|
|
|a DLC
|
| 856 |
4 |
0 |
|z Full text available from Research Library: 01/01/2010 to 12/31/2010
|u https://search.proquest.com/publication/2037473
|
| 856 |
4 |
0 |
|z Full text available from Research Library: 01/01/2012 to present
|u https://search.proquest.com/publication/2037473
|